Food : (Record no. 19330)

000 -LEADER
fixed length control field 01322cam a22002058i 4500
020 ## - INTERNATIONAL STANDARD BOOK NUMBER
ISBN 9780199385683 (paperback)
020 ## - INTERNATIONAL STANDARD BOOK NUMBER
ISBN 9780199385690 (instructor's edition)
040 ## - CATALOGING SOURCE
Transcribing agency DLC
082 00 - DEWEY DECIMAL CLASSIFICATION NUMBER
Classification number 808 CCR 2007 C165 Or.
245 00 - TITLE STATEMENT
Title Food :
Remainder of title a reader for writers /
300 ## - PHYSICAL DESCRIPTION
Number of Pages xxvii, 477 pages :
Other physical details illustrations ;
Dimensions 21 cm
520 ## - SUMMARY, ETC.
Summary, etc "Food: A Reader for Writers is focused on the engaging theme of food and culture, including an interdisciplinary mix of pieces written in differing rhetorical styles and genres, and each chapter of the book will be punctuated by a recipe, poem, a blog excerpt, photograph, and/or vintage advertisement, providing both attractive and highly useful, additional pedagogical and learning opportunities. Developed for the first-year composition market, this reader will also provide students with the rhetorical knowledge and compositional skills to participate in the public conversations about human health, the environment, culture, travel, and politics"--
650 #0 - SUBJECT ADDED ENTRY--TOPICAL TERM
Topical Term Food
650 #7 - SUBJECT ADDED ENTRY--TOPICAL TERM
Topical Term JUVENILE NONFICTION / Language Arts / Composition & Creative Writing.
650 #7 - SUBJECT ADDED ENTRY--TOPICAL TERM
Topical Term LANGUAGE ARTS & DISCIPLINES / Readers.
650 #7 - SUBJECT ADDED ENTRY--TOPICAL TERM
Topical Term LANGUAGE ARTS & DISCIPLINES / Composition & Creative Writing.
700 1# - ADDED ENTRY--PERSONAL NAME
Personal name Aquiline, Danielle,
700 1# - ADDED ENTRY--PERSONAL NAME
Personal name Holdstein, Deborah H.,
942 ## - ADDED ENTRY ELEMENTS (KOHA)
Koha item type ADB
952 ## - LOCATION AND ITEM INFORMATION (KOHA)
Withdrawn status [LOCAL, KOHA] 0
Holdings
Source of acquisition Permanent Location Date acquired Koha item type Lost status Shelving location Current Location Full call number
A36316Library Block C2020-09-23សៀវភៅភាសាអង់គ្លេស C165Library Block C808 CCR 2007 C165 Or.
មជ្ឈមណ្ឌលឯការនៃសាកលវិទ្យាល័យភូមិន្ទកសិកម្មចំការដូង

Powered by Koha